Text book of B.Sc. mathematics for first semister (Record no. 173851)

000 -LEADER
fixed length control field 00343nam a2200121Ia 4500
008 - FIXED-LENGTH DATA ELEMENTS--GENERAL INFORMATION
fixed length control field 220217s9999||||xx |||||||||||||| ||und||
082 ## - DEWEY DECIMAL CLASSIFICATION NUMBER
Classification number 510 RAN
100 ## - MAIN ENTRY--PERSONAL NAME
Personal name Ranganath, G.K
245 #0 - TITLE STATEMENT
Title Text book of B.Sc. mathematics for first semister
260 ## - PUBLICATION, DISTRIBUTION, ETC.
Place of publication, distribution, etc. S.Chand and company Ltd.
Name of publisher, distributor, etc. New Delhi
Date of publication, distribution, etc. 2005
300 ## - PHYSICAL DESCRIPTION
Other physical details 120
650 ## - SUBJECT ADDED ENTRY--TOPICAL TERM
Topical term or geographic name entry element MATHEMATICS
Holdings
Withdrawn status Lost status Damaged status Not for loan Collection code Home library Current library Shelving location Date acquired Full call number Barcode Date last seen Price effective from Koha item type
        Humanity Science Central Library Central Library Reference 02/18/2022 510 RAN 9040 02/18/2022 02/18/2022 Books

Powered by Koha